Worldmodelling: (Record no. 608596)
[ view plain ]
| 000 -LEADER | |
|---|---|
| fixed length control field | 00615nam a22002057a 4500 |
| 003 - CONTROL NUMBER IDENTIFIER | |
| control field | NUST |
| 005 - DATE AND TIME OF LATEST TRANSACTION | |
| control field | 20240307103636.0 |
| 008 - FIXED-LENGTH DATA ELEMENTS--GENERAL INFORMATION | |
| fixed length control field | 240307b ||||| |||| 00| 0 eng d |
| 020 ## - INTERNATIONAL STANDARD BOOK NUMBER | |
| International Standard Book Number | 9781119747222 |
| 038 ## - RECORD CONTENT LICENSOR | |
| Staff Name | Malang Jan |
| 082 ## - DEWEY DECIMAL CLASSIFICATION NUMBER | |
| Classification number | 720.228 |
| Author Mark | WOR |
| 245 00 - TITLE STATEMENT | |
| Title | Worldmodelling: |
| Remainder of title | Architectural Models in the 21st Century/ |
| Statement of responsibility, etc. | Edited by Mark Morris and Mike Aling |
| 260 ## - PUBLICATION, DISTRIBUTION, ETC. | |
| Place of publication, distribution, etc. | London: |
| Name of publisher, distributor, etc. | Wiley; |
| Date of publication, distribution, etc. | 2021. |
| 300 ## - PHYSICAL DESCRIPTION | |
| Extent | 144p.: |
| Other physical details | ill; |
| 440 ## - SERIES STATEMENT/ADDED ENTRY--TITLE | |
| Title | Architectural design |
| Volume/sequential designation | v. 91, no. 03 |
| 9 (RLIN) | 33235 |
| 650 ## - SUBJECT ADDED ENTRY--TOPICAL TERM | |
| Source of heading or term | Architectural design |
| 700 1# - ADDED ENTRY--PERSONAL NAME | |
| Personal name | Morris,Mark |
| 9 (RLIN) | 121955 |
| 700 1# - ADDED ENTRY--PERSONAL NAME | |
| Personal name | Aling,Mike |
| 9 (RLIN) | 121956 |
| 942 ## - ADDED ENTRY ELEMENTS (KOHA) | |
| Source of classification or shelving scheme | |
| Koha item type | Book |
| Withdrawn status | Lost status | Source of classification or shelving scheme | Damaged status | Not for loan | Permanent Location | Current Location | Date acquired | Source of acquisition | Total Checkouts | Full call number | Barcode | Date last seen | Cost, replacement price | Price effective from | Koha item type |
|---|---|---|---|---|---|---|---|---|---|---|---|---|---|---|---|
| School of Art Design and Architecture (SADA) | School of Art Design and Architecture (SADA) | 06/13/2022 | Golden Books | 720.228 WOR 2021. | SADA0002946 | 03/07/2024 | 5818.00 | 03/07/2024 | Book |
